The Nadars of Tamilnad: (Record no. 17779)

MARC details
000 -LEADER
fixed length control field 01032cam a2200289 4500
001 - CONTROL NUMBER
control field 3125389
003 - CONTROL NUMBER IDENTIFIER
control field BDDh-ASL
005 - DATE AND TIME OF LATEST TRANSACTION
control field 20231015025634.0
008 - FIXED-LENGTH DATA ELEMENTS--GENERAL INFORMATION
fixed length control field 690623s1969 cauabc b 001 0 eng
010 ## - LIBRARY OF CONGRESS CONTROL NUMBER
LC control number 69013726
040 ## - CATALOGING SOURCE
Original cataloging agency DLC
Transcribing agency DLC
Modifying agency BDDh-ASL
043 ## - GEOGRAPHIC AREA CODE
Geographic area code a-ii---
050 00 - LIBRARY OF CONGRESS CALL NUMBER
Classification number DS485.M277
Item number H35 1969
082 00 - DEWEY DECIMAL CLASSIFICATION NUMBER
Classification number 306.095482
Item number HAN
100 1# - MAIN ENTRY--PERSONAL NAME
Personal name Hardgrave, Robert L.
245 14 - TITLE STATEMENT
Title The Nadars of Tamilnad:
Remainder of title the political culture of a community in change/
Statement of responsibility, etc. [by] Robert L. Hardgrave, Jr.
260 ## - PUBLICATION, DISTRIBUTION, ETC.
Place of publication, distribution, etc. Berkeley:
Name of publisher, distributor, etc. University of California Press,
Date of publication, distribution, etc. 1969.
300 ## - PHYSICAL DESCRIPTION
Extent xiv, 314 p.:
Other physical details illus., maps, ports.;
Dimensions 24 cm.
350 ## - PRICE (NR) (BK AM CF MU VM SE) [OBSOLETE]
Price 8.75
500 ## - GENERAL NOTE
General note Sponsored by the Center for South and Southeast Asia Studies.
504 ## - BIBLIOGRAPHY, ETC. NOTE
Bibliography, etc. note Bibliography: p. [281]-294.
650 #0 - SUBJECT ADDED ENTRY--TOPICAL TERM
Topical term or geographic name entry element Nadars.
650 #0 - SUBJECT ADDED ENTRY--TOPICAL TERM
Topical term or geographic name entry element Political culture
Geographic subdivision India
-- Tamil Nadu
General subdivision Case studies.
710 2# - ADDED ENTRY--CORPORATE NAME
Corporate name or jurisdiction name as entry element University of California, Berkeley.
Subordinate unit Center for South and Southeast Asia Studies.
906 ## - LOCAL DATA ELEMENT F, LDF (RLIN)
a 7
b cbc
c orignew
d u
e ncip
f 19
g y-gencatlg
942 ## - ADDED ENTRY ELEMENTS (KOHA)
Source of classification or shelving scheme Dewey Decimal Classification
Koha item type Books
Holdings
Withdrawn status Lost status Source of classification or shelving scheme Damaged status Not for loan Collection code Home library Current library Shelving location Date acquired Source of acquisition Total Checkouts Full call number Barcode Date last seen Copy number Price effective from Koha item type Public note
    Dewey Decimal Classification   Not For Loan Non-fiction Asiatic Society Library Asiatic Society Library Harrison Collection 09/09/2020 Donated by Prof. John B. Harrison   306.0954 HAN 100900 09/09/2020 C-1 09/09/2020 Books RARE

Powered by Koha